000 00248nam a2200121Ia 4500
100 _aMehta/V.G.
942 _cRB
245 _aIncome-Tax Ready Reckoner.
260 _bShri Kuber Publ.
_aMumbai
300 _a352
546 _aENGLISH
999 _c23889
_d23889